| 000 | 00688nam a2200217Ia 4500 | ||
|---|---|---|---|
| 003 | IN-BaIIA | ||
| 008 | 211028s9999 xx 000 0 eng d | ||
| 020 | _a978-1-4939-1534-7 | ||
| 040 | _cIIA Library | ||
| 080 |
_a52(082.1) _bASS-410 |
||
| 100 |
_aWestfall, John _936489 |
||
| 245 | 0 |
_aCelestial shadows _beclipses, transits and occultations _cJohn Westfall and William Sheehan |
|
| 260 |
_aNew York _bSpringer _c2015 |
||
| 300 | _axxiv, 713p. | ||
| 650 |
_aEclipses _9909 |
||
| 650 |
_aLunar eclipses _93371 |
||
| 650 |
_aOccultations _9943 |
||
| 650 |
_aScience - astronomy _936158 |
||
| 700 |
_aSheehan, William _921201 |
||
| 942 | _cBK | ||
| 999 |
_c19112 _d19112 |
||